Epístola a los Romanos

Guardat en:
Dades bibliogràfiques
Autor principal: Trenchard, Ernesto
Format: Llibre
Idioma:espanyol
Publicat: Portavoz. 1968.
Matèries:
Etiquetes: Afegir etiqueta
Sense etiquetes, Sigues el primer a etiquetar aquest registre!

MARC

LEADER 00000nam a22000005a 4500
001 1622
003 CL-ChBUA
005 20170829092635.0
007 ta
008 070301s1968 xxu 000 0dspa
040 |a CL-ChBUA  |c CL-ChBUA  |e rda 
082 0 0 |a 227.1 
100 1 |a Trenchard, Ernesto. 
245 1 0 |a Epístola a los Romanos 
260 |b Portavoz.  |c 1968. 
300 |a 382 p.  |c 20 cm. 
504 |a Bibl., índice. 
630 4 |a BIBLIA  |x NUEVO TESTAMENTO  |x COMENTARIOS 
650 4 |a ROMANOS (EPISTOLA)   |x COMENTARIOS 
942 |c LIB  |2 ddc 
945 |0 nac 
952 |0 0  |1 0  |4 0  |7 0  |9 2322  |a UNACH  |b UNACH  |c 200  |d 2007-03-05  |i 30.115.  |l 13  |m 10  |o 227.1 / T 792.- 1968  |p 3321  |r 2025-11-13 19:44:33  |s 2023-06-27  |u 2322  |w 2012-08-08  |y LIB  |k 227.1 / T 792.- 1968 
999 |c 1622  |d 1622